El Pequeño municipio / Luis Marqués Carbó ; presentación a cargo del ... Luis Sentís Anfruns
Publicado:
Barcelona :
Colegio Oficial de Secretarios, Interventores y Depositarios de Administración Local ,
1960
Descripción Física:
51 p. ; 23'5 cm
MARC
| LEADER | 00000nam a2200000Ia 4500 | ||
|---|---|---|---|
| 001 | 11577 | ||
| 008 | 160829s1960 xx 000 0 cat d | ||
| 080 | |a M-3-351 | ||
| 100 | |a Marqués Carbó, Luis |9 24231 | ||
| 245 | |a El Pequeño municipio / Luis Marqués Carbó ; presentación a cargo del ... Luis Sentís Anfruns | ||
| 260 | |a Barcelona : |b Colegio Oficial de Secretarios, Interventores y Depositarios de Administración Local, |c 1960 | ||
| 300 | |a 51 p. ; |c 23'5 cm | ||
| 590 | |a A la coberta: 'Conferencia pronunciada por el ilustre municipalista Dr. D. Luis Marqués Carbó'...'Presentación a cargo del Ilmo. Sr. D. Luis Sentís Anfruns' | ||
| 700 | 1 | |a Sentís, Lluís, |d 1910-1996 |9 35021 | |
| 700 | |a Colegio Oficial de Secretarios, Interventores y Depositarios de Administración Local de Barcelona |9 25334 | ||
| 901 | |a Arxiu | ||
| 942 | |n 1 | ||
| 952 | |0 0 |1 0 |4 0 |6 M3351 |7 1 |9 46734 |a Arxiu |b Arxiu |d 2016-12-01 |l 0 |o M-3-351 |p 11577 |r 2016-12-01 00:00:00 |w 2016-12-01 |y ARXIU | ||
| 999 | |c 50527 |d 50527 | ||